00387nam a2200157Ia 4500008004100000020001800041082000800059100001700067245003700084250000600121260003300127300001600160500002400176650001400200700001500214230524s9999 xx 000 0 und d a9788122412239 bRAN aGopal Ranjan 0aBasic And Applied Soil Mechanics a2 aNew DelhibNew Age Pubc2014 a"XII,753p;" aQuantity Number: 1 aMechanics a A S R Rao